Evangelism : (Record no. 202)
[ view plain ]
| 000 -LEADER | |
|---|---|
| fixed length control field | 00448nam a2200181Ia 4500 |
| 003 - CONTROL NUMBER IDENTIFIER | |
| control field | OSt |
| 005 - DATE AND TIME OF LATEST TRANSACTION | |
| control field | 20241126110332.0 |
| 008 - FIXED-LENGTH DATA ELEMENTS--GENERAL INFORMATION | |
| fixed length control field | 160606b xxu||||| |||| 00| 0 eng d |
| 020 ## - INTERNATIONAL STANDARD BOOK NUMBER | |
| International Standard Book Number | 0800714822 |
| 040 ## - CATALOGING SOURCE | |
| Transcribing agency | gbc |
| 082 ## - DEWEY DECIMAL CLASSIFICATION NUMBER | |
| Classification number | 269.2 |
| Item number | EVA |
| 100 ## - MAIN ENTRY--PERSONAL NAME | |
| Relationship | Coleman, Robert E. (Ed) |
| 245 ## - TITLE STATEMENT | |
| Title | Evangelism : |
| Remainder of title | the cutting edge |
| 260 ## - PUBLICATION, DISTRIBUTION, ETC. | |
| Place of publication, distribution, etc. | New Jersey: |
| Name of publisher, distributor, etc. | Fleming H. Revell Compant, |
| Date of publication, distribution, etc. | 1986 |
| 300 ## - PHYSICAL DESCRIPTION | |
| Extent | 156p. |
| 653 ## - INDEX TERM--UNCONTROLLED | |
| Uncontrolled term | Evangelism |
| 942 ## - ADDED ENTRY ELEMENTS (KOHA) | |
| Source of classification or shelving scheme | Dewey Decimal Classification |
| Koha item type | Books |
| Koha issues (borrowed), all copies | 4 |
| Withdrawn status | Lost status | Source of classification or shelving scheme | Damaged status | Not for loan | Home library | Current Library | Shelving location | Date acquired | Total checkouts | Full call number | Barcode | Date last seen | Date last checked out | Copy number | Price effective from | Koha item type |
|---|---|---|---|---|---|---|---|---|---|---|---|---|---|---|---|---|
| Dewey Decimal Classification | GRACE BIBLE COLLEGE | GRACE BIBLE COLLEGE | Ministry & Mission | 2016-06-06 | 2 | 269.2 EVA | 008368 | 2025-05-01 | 2024-02-19 | c.1 | 2016-06-06 | Books | ||||
| Dewey Decimal Classification | GRACE BIBLE COLLEGE | GRACE BIBLE COLLEGE | Ministry & Mission | 2018-03-26 | 269.2 EVA | 008370 | 2025-05-01 | c.2 | 2018-03-26 | Books | ||||||
| Dewey Decimal Classification | GRACE BIBLE COLLEGE | GRACE BIBLE COLLEGE | Ministry & Mission | 2018-03-26 | 2 | 269.2 EVA | 008371 | 2025-05-01 | 2024-02-17 | c.3 | 2018-03-26 | Books |